00201nam a2200085Ia 4500008004100000100001400041245002300055260002000078999001700098170620s9999 xx 000 0 und d aSUNDRA -S 0aEDITING TECHNIQUES bNEW DELHI ANMOL c30192d30192